000
00331nam a2200133Ia 4500
008
240624s9999 xx 000 0 und d
041
_a
eng
082
_a
330 BIS
100
_a
BISHOP MATTHEW
245
_a
ESSENTIAL ECONOMICS
260
_c
2006
_a
New Delhi
_b
The Economist
300
_a
vi, : 282 : p. : cm. ; 21
365
_c
RS
_b
33
999
_c
10815
_d
10815